000 00634nam a2200205Ia 4500
003 GCL
008 140319s9999 xx 000 0 ara d
020 _a5415208977
040 _aGCL /
_cGCL
082 0 4 _a615.89
_bز ع
100 1 _aزكريا هميمى
245 1 0 _aعلاج الامراض بالاحجار الكريمة /
_cزكريا هميمى
260 _aالقاهرة :
_bمكتبة مدبولى ،
_c2004
300 _a144 ص ؛
_c24 سم
650 0 4 _aالعلاج
650 0 4 _aالاورام
650 0 4 _aالعلاج بالاحجار الكريمة
650 0 4 _aالضعف الجنسى
942 _2ddc
_cBK
999 _c6433
_d6433